Catálogo
 En Linea

Recuerdo de la Inauguración de la Presa Hidroelectrica de Tavera. (Registro nro. 44699)

Detalles MARC
000 -CABECERA
campo de control de longitud fija 00306nam a2200097 a 4500
005 - FECHA Y HORA DE LA ÚLTIMA TRANSACCIÓN
campo de control 20201002045953.0
008 - DATOS DE LONGITUD FIJA--INFORMACIÓN GENERAL
campo de control de longitud fija 150210s1973 000 spa d
040 ## - FUENTE DE LA CATALOGACIÓN
Centro catalogador/agencia de origen DO-SdBNP
245 #0 - MENCIÓN DE TÍTULO
Título Recuerdo de la Inauguración de la Presa Hidroelectrica de Tavera.
260 ## - PUBLICACIÓN, DISTRIBUCIÓN, ETC.
Lugar de publicación, distribución, etc. Santo Domingo, República Dominicana,
Fecha de publicación, distribución, etc. 1973.

No hay ítems disponibles.

Con tecnología Koha